HACIA LA CONSTRUCCION DE LA CENTRAL UNICA DE TRABAJADORES/

Guardado en:
Bibliografiske detaljer
Andre forfattere: Silva Ruiz, Gilberto (autor) (autor)
Format: Bog
Fag:
Tags: Tilføj Tag
Ingen Tags, Vær først til at tagge denne postø!

MARC

LEADER 00000nam^a2200000^a^4500
001 000224470
005 20250521000000.0
009 20260310104051.994
037 |a Acervo Xavier Clavigero 
082 |a 331. 880972  |b HAC 
245 1 0 |a HACIA LA CONSTRUCCION DE LA CENTRAL UNICA DE TRABAJADORES/  |c GILBERTO SILVA RUIZ ...[ ET. AL.] 
264 |a México :  |b GV Editores :  |b Universidad Nacional Autónoma de México,  |c 1986 
300 |a 201 p. 
336 |a texto  |b txt  |2 rdacontenido 
337 |a sin mediación  |b n  |2 rdamedio 
338 |a volumen  |b nc  |2 rdasoporte 
649 |a XX 
650 |a SINDICATOS -  |x MEXICO 
650 |a Sindicalismo -  |z México 
650 |a TRABAJO Y TRABAJADORES -  |x MEXICO 
700 |a Silva Ruiz, Gilberto  |e (autor) 
910 |a Fondo General 
920 |a Impresos - Libros 
930 |a Colección General 
905 |a 101 
901 |a 043236  |b IT1  |c ACC  |i 043236  |u 20250521 
902 |a https://opac.biblio.iteso.mx/vufind/Record/000224470